| 000 | 00433pam a2200169 a 4500 | ||
|---|---|---|---|
| 020 | _a0849366747 (v. 1) | ||
| 020 | _a0849366755 (v. 2) | ||
| 040 | _cDLC | ||
| 082 | 0 | 0 | _a599 CRC 1987 A032 Or. |
| 245 | 0 | 0 | _aMammalian cytochromes P-450 / |
| 260 |
_aBoca Raton, FL : _bCRC Press, _cc1987. |
||
| 300 |
_a2 v. : _bill. ; _c27 cm. |
||
| 650 | 0 | _aCytochrome P-450 | |
| 650 | 0 | _aMammals | |
| 700 | 1 | _aGuengerich, F. Peter. | |
| 942 | _cEK | ||
| 999 |
_c12069 _d12069 |
||